书目信息 |
| 题名: |
现代物流案例分析
|
|
| 作者: | 张理 编著 | |
| 分册: | ||
| 出版信息: | 北京 中国水利水电出版社 2005 |
|
| 页数: | 285页 | |
| 开本: | 26cm | |
| 丛书名: | ||
| 单 册: | ||
| 中图分类: | F259.1 | |
| 科图分类: | ||
| 主题词: | 物流--物资管理--案例--世界--高等学校--教材 , 物流 , 物资管理 | |
| 电子资源: | ||
| ISBN: | 7-5084-2899-4 | |
| 000 | 00866nam0 2200253 450 | |
| 001 | 002910244 | |
| 005 | 20061123160545.51 | |
| 010 | @a7-5084-2899-4@dCNY26.00 | |
| 100 | @a20050119d2005 em y0chiy0110 ea | |
| 101 | 0 | @achi |
| 102 | @aCN@b110000 | |
| 105 | @ay z 000yy | |
| 200 | 1 | @a现代物流案例分析@9xian dai wu liu an li fen xi@f张理编著 |
| 210 | @a北京@c中国水利水电出版社@d2005 | |
| 215 | @a285页@d26cm | |
| 300 | @a21世纪电子商务与现代物流管理系列教材/佟勇臣主编 | |
| 330 | @a本书分为6篇,内容包括物流战略与规划、采购与生产物流、销售物流、配送与供应链管理、物流信息化、以及客户服务与服务质量,基本上反映了物流活动的全貌。 | |
| 606 | 0 | @a物流@x物资管理@x案例@y世界@x高等学校@j教材 |
| 606 | 0 | @a物流 |
| 606 | 0 | @a物资管理 |
| 690 | @aF259.1@v4 | |
| 701 | 0 | @a张理@9zhang li@c(物流)@4编著 |
| 801 | 0 | @aCN@bNLC@c20061123 |
| 905 | @a10447@dF259.1@e30 | |
| 现代物流案例分析/张理编著.-北京:中国水利水电出版社,2005 |
| 285页;26cm |
| 21世纪电子商务与现代物流管理系列教材/佟勇臣主编 |
| ISBN 7-5084-2899-4:CNY26.00 |
| 本书分为6篇,内容包括物流战略与规划、采购与生产物流、销售物流、配送与供应链管理、物流信息化、以及客户服务与服务质量,基本上反映了物流活动的全貌。 |
| ● |
| 相关链接 |
|
|
|
|
正题名:现代物流案例分析
索取号:F259.1/30
 
预约/预借
| 序号 | 登录号 | 条形码 | 馆藏地/架位号 | 状态 | 备注 |
| 1 | 0390850 | 203908502 | 第一样本阅览室/ [索取号:F259.1/30] | 在馆 | |
| 2 | 0390851 | 203908511 | 第一借阅区/ [索取号:F259.1/30] | 在馆 | |
| 3 | 0390852 | 203908520 | 第一借阅区/ [索取号:F259.1/30] | 在馆 | |
| 4 | 0390853 | 203908539 | 第一借阅区/ [索取号:F259.1/30] | 在馆 | |
| 5 | 0390854 | 203908548 | 第一借阅区/ [索取号:F259.1/30] | 在馆 |